000 00654nam a2200253Ia 4500
003 OSt
005 20221005031629.0
006 a|||||r|||| 00| 0
007 ta
008 221004b |||||||| |||| 00| 0 tam d
020 _c2
024 _a63554
037 _cTextual
040 _aCRL
_cCRL
_btam
041 _2tam
_atam
082 _aQ22:417x1,15, 31J8
100 _aP.Sree Au.
_9583777
245 0 _aAdi Soodia Arasu
260 _aChennai
_bKalaimagal Kariyalayam India
_c1958
300 _a148p.
_ccm.
650 _aRELIGION
942 _hQ22:417x1,15, 31J8
_cTEXL
_2cc
999 _c938137
_d938137